Historia del capitalismo agrario pampeano : Tomo II La vanguardia ganadera bonaerense (1856-1900)

Saved in:
Format: Book
Published: Buenos Aires : Siglo XXI, 2005.
Edition:1a ed.
LEADER 00418nam a22001217a 4500
003 AR-BeUNQ
005 20190614160404.0
999 |c 31123  |d 114923 
245 |a Historia del capitalismo agrario pampeano :  |c Carmen Sesto.  |n Tomo II  |p La vanguardia ganadera bonaerense (1856-1900) 
250 |a 1a ed. 
260 |a Buenos Aires :  |b Siglo XXI,  |c 2005. 
929 |a DONACION  |b Sonia Puricelli  |d 320,00  |e 20190401  |f PAT0072764  |g 3465  |h 1  |o PR 
942 |c LIB  |n 1